Women's hair: (Record no. 6139)

MARC details
000 -LEADER
fixed length control field 00476nam a22001697a 4500
003 - CONTROL NUMBER IDENTIFIER
control field GBCCL
005 - DATE AND TIME OF LATEST TRANSACTION
control field 20241126110556.0
008 - FIXED-LENGTH DATA ELEMENTS--GENERAL INFORMATION
fixed length control field 180502b ||||| |||| 00| 0 eng d
040 ## - CATALOGING SOURCE
Transcribing agency gbc
082 ## - DEWEY DECIMAL CLASSIFICATION NUMBER
Classification number 241
Item number SEG
100 ## - MAIN ENTRY--PERSONAL NAME
Personal name Segraves, Daniel L.
9 (RLIN) 11034
245 ## - TITLE STATEMENT
Title Women's hair:
Remainder of title The long and short of it /
Statement of responsibility, etc. Daniel L. Segraves
260 ## - PUBLICATION, DISTRIBUTION, ETC.
Place of publication, distribution, etc. Illinois:
Name of publisher, distributor, etc. Good Word,
Date of publication, distribution, etc. 1979
300 ## - PHYSICAL DESCRIPTION
Extent 47 p.;
Dimensions 21 cm.
650 ## - SUBJECT ADDED ENTRY--TOPICAL TERM
Topical term or geographic name entry element Hair cutting
General subdivision Biblical teaching
9 (RLIN) 11035
942 ## - ADDED ENTRY ELEMENTS (KOHA)
Source of classification or shelving scheme Dewey Decimal Classification
Koha item type Books
Koha issues (borrowed), all copies 3
Holdings
Withdrawn status Lost status Source of classification or shelving scheme Damaged status Not for loan Home library Current Library Shelving location Date acquired Total checkouts Total renewals Full call number Barcode Date last seen Date last checked out Copy number Price effective from Koha item type
    Dewey Decimal Classification     GRACE BIBLE COLLEGE GRACE BIBLE COLLEGE Theology 2018-05-02 3 1 241 SEG 009389 2025-05-01 2024-09-09 c.1 2018-05-02 Books
© Grace Bible College Library 2025